书目信息 |
| 题名: |
博弈智胜
|
|
| 作者: | 赵飞 编著 | |
| 分册: | ||
| 出版信息: | 北京 中国言实出版社 2017.1 |
|
| 页数: | 227页 | |
| 开本: | 24cm | |
| 丛书名: | ||
| 单 册: | ||
| 中图分类: | O225-49 | |
| 科图分类: | ||
| 主题词: | 博弈论--通俗读物 | |
| 电子资源: | ||
| ISBN: | 978-7-5171-2221-0 | |
| 000 | 00572nam0 2200217 450 | |
| 001 | 0400004147 | |
| 005 | 20171023142035.0 | |
| 010 | @a978-7-5171-2221-0@dCNY38.00 | |
| 100 | @a20170619d2017 em y0chiy50 ea | |
| 101 | 0 | @achi |
| 102 | @aCN@b110000 | |
| 105 | @ay z 000yy | |
| 106 | @ar | |
| 200 | 1 | @a博弈智胜@9bo yi zhi sheng@f赵飞编著 |
| 210 | @a北京@c中国言实出版社@d2017.1 | |
| 215 | @a227页@d24cm | |
| 606 | 0 | @a博弈论@j通俗读物 |
| 690 | @aO225-49@v5 | |
| 701 | 0 | @a赵飞@9zhao fei@4编著 |
| 801 | 0 | @aCN@b91MARC@c20171023 |
| 905 | @b1037110-4@dO225-49@f5@e185 | |
| 博弈智胜/赵飞编著.-北京:中国言实出版社,2017.1 |
| 227页;24cm |
| ISBN 978-7-5171-2221-0:CNY38.00 |
| ● |
| 相关链接 |
|
|
|
|
正题名:博弈智胜
索取号:O225-49/185
 
预约/预借
| 序号 | 登录号 | 条形码 | 馆藏地/架位号 | 状态 | 备注 |
| 1 | 1037110 | 210371104 | 第二样本阅览室/ [索取号:O225-49/185] | 在馆 | |
| 2 | 1037111 | 210371113 | 第三借阅区/ [索取号:O225-49/185] | 在馆 | |
| 3 | 1037112 | 210371122 | 第三借阅区/ [索取号:O225-49/185] | 在馆 | |
| 4 | 1037113 | 210371131 | 密集书库-数信学院/ [索取号:O225-49/185] | 在馆 | |
| 5 | 1037114 | 210371140 | 第三借阅区/ [索取号:O225-49/185] | 在馆 |